000 00832cam a22002895i 4500
999 _c149
_d149
003 EG-ScBUE
005 20200106161712.0
008 190729t19961996nyu f 001 0 eng d
020 _a0393968219 (pbk.)
020 _a9780393968217
040 _aEG-ScBUE
_beng
_erda
_cEG-ScBUE
_dEG-ScBUE
082 0 4 _a808.3
_bBEA
_222
100 1 _aBeaty, Jerome,
_eauthor.
245 0 4 _aThe Norton introduction to fiction /
_cJerome Beaty.
250 _aSixth edition.
264 1 _aNew York :
_bW. W. Norton,
_c[1996]
264 4 _cc1996
300 _axvii, 809 pages ;
_c24 cm
336 _atext
_btxt
_2rdacontent
337 _aunmediated
_bn
_2rdamedia
338 _avolume
_bnc
_2rdacarrier
590 _amahmoud sami
650 7 _aLiterature
_xCollections.
_2BUEsh
651 _2BUEsh
653 _bHHUUEENN
942 _cBB
_2ddc